<?xml version="1.0" encoding="UTF-8"?><?xml-stylesheet type="text/xsl" href="static/style.xsl"?><OAI-PMH xmlns="http://www.openarchives.org/OAI/2.0/" xmlns:xsi="http://www.w3.org/2001/XMLSchema-instance" xsi:schemaLocation="http://www.openarchives.org/OAI/2.0/ http://www.openarchives.org/OAI/2.0/OAI-PMH.xsd"><responseDate>2026-06-02T09:06:32Z</responseDate><request verb="GetRecord" identifier="oai:riuma.uma.es:10630/25315" metadataPrefix="marc">https://riuma.uma.es/rest/oai/request</request><GetRecord><record><header><identifier>oai:riuma.uma.es:10630/25315</identifier><datestamp>2026-02-03T11:31:57Z</datestamp><setSpec>com_10630_2254</setSpec><setSpec>col_10630_37953</setSpec></header><metadata><record xmlns="http://www.loc.gov/MARC21/slim" xmlns:dcterms="http://purl.org/dc/terms/" xmlns:doc="http://www.lyncode.com/xoai" xmlns:xsi="http://www.w3.org/2001/XMLSchema-instance" xsi:schemaLocation="http://www.loc.gov/MARC21/slim http://www.loc.gov/standards/marcxml/schema/MARC21slim.xsd">
   <leader>00925njm 22002777a 4500</leader>
   <datafield ind2=" " ind1=" " tag="042">
      <subfield code="a">dc</subfield>
   </datafield>
   <datafield ind2=" " ind1=" " tag="720">
      <subfield code="a">Moldes-Anaya, Sergio</subfield>
      <subfield code="e">author</subfield>
   </datafield>
   <datafield ind2=" " ind1=" " tag="720">
      <subfield code="a">Jiménez Aguilar, Francisco</subfield>
      <subfield code="e">author</subfield>
   </datafield>
   <datafield ind2=" " ind1=" " tag="720">
      <subfield code="a">Jiménez Bautista, Francisco</subfield>
      <subfield code="e">author</subfield>
   </datafield>
   <datafield ind2=" " ind1=" " tag="260">
      <subfield code="c">2018</subfield>
   </datafield>
   <datafield ind2=" " ind1=" " tag="520">
      <subfield code="a">Este artículo examina las actitudes hacia la inmigración en España a tra- vés del análisis de los datos más recientes de la Encuesta Social Europea (2014). El principal objetivo de este estudio será evaluar cómo los espa- ñoles se muestran frente a la inmigración, analizando cuáles son las amenazas que perciben, qué fuerza tienen y cómo ante estas modulan su respuesta. En base a esto, se diseñó un modelo Logit de respuesta dis- creta para determinar qué factores relacionados con las amenazas eco- nómico-materiales y simbólicas eran desencadenantes de un comporta- miento reacio y una actitud negativa hacia la inmigración entre los españoles.</subfield>
   </datafield>
   <datafield ind1="8" ind2=" " tag="024">
      <subfield code="a">Moldes-Anaya, Sergio, Jiménez Aguilar, Francisco y Jiménez Bautista, Francisco (2018) “Actitudes hacia la inmigración en España a través de la Encuesta Social Europea”. OBETS. Revista de Ciencias Sociales, 13(1): 93-119. doi: 10.14198/OBETS2018.13.1.04</subfield>
   </datafield>
   <datafield ind1="8" ind2=" " tag="024">
      <subfield code="a">https://hdl.handle.net/10630/25315</subfield>
   </datafield>
   <datafield ind1="8" ind2=" " tag="024">
      <subfield code="a">doi: 10.14198/OBETS2018.13.1.04</subfield>
   </datafield>
   <datafield tag="653" ind2=" " ind1=" ">
      <subfield code="a">Inmigración - España</subfield>
   </datafield>
   <datafield ind2="0" ind1="0" tag="245">
      <subfield code="a">Actitudes hacia la inmigración en España a través de la encuesta social europea</subfield>
   </datafield>
</record>
</metadata></record></GetRecord></OAI-PMH>